The solid earth: an introduction to global geophysics
Kaydedildi:
| Yazar: | |
|---|---|
| Materyal Türü: | Kitap |
| Dil: | İngilizce |
| Baskı/Yayın Bilgisi: |
Madrid
Cambridge University Press
1990
|
| Konular: | |
| Etiketler: |
Etiketle
Etiket eklenmemiş, İlk siz ekleyin!
|
MARC
| LEADER | 00000nam a2200000 a 4500 | ||
|---|---|---|---|
| 001 | UCO0611 | ||
| 003 | CL-VaPUC | ||
| 008 | 000420e19900000SP |||||||||||||||||eng|d | ||
| 082 | 0 | 4 | |a 550 |b FOW |2 21 |
| 100 | 0 | |a Fowler, C. M. R |e author |9 441955 | |
| 245 | 1 | 4 | |a The solid earth: an introduction to global geophysics |
| 300 | |a 472 p | ||
| 942 | |c BK | ||
| 945 | |d 20000420 00:00:00 |a vberengu | ||
| 260 | |a Madrid |b Cambridge University Press |c 1990 | ||
| 650 | 0 | |a Calor |9 260253 | |
| 650 | 0 | |a Ciencias de la tierra |9 261541 | |
| 650 | 0 | |a Corteza terrestre |9 262296 | |
| 650 | 7 | |a EDAD TERRESTRE |2 CL-VaPUC |9 441956 | |
| 650 | 0 | |a Eras geológicas |9 358064 | |
| 650 | 7 | |a GEOCRONOLOGIA |2 CL-VaPUC |9 441957 | |
| 650 | 0 | |a Geofísica |9 261453 | |
| 650 | 7 | |a GRAVEDAD |2 CL-VaPUC |9 353396 | |
| 650 | 0 | |a Sismología |9 268106 | |
| 650 | 7 | |a TIERRA |2 CL-VaPUC |9 261538 | |
| 583 | |a last modification |c 20000420 00:00:00 |k Rodrigo Vera | ||
| 999 | |c 287260 |d 287258 | ||
| 952 | |0 0 |1 0 |4 0 |6 550_000000000000000_FOW_1990 |7 0 |8 CCM |9 333796 |a BIBCUR |b BIBCUR |d 2019-11-20 |i 3605140 |o 550 FOW 1990 |p 3605140 |r 2025-04-22 |w 2019-11-20 |y BK_R |k CIM | ||